01474nam a2200169Ia 4500001001300000003001000013008004100023040002500064041000700089100002100096245005600117250001100173260006400184300001600248500099000264650005001254b6690-47836 IT-MiCISF161014s9999||||xx |||||||||||||| ||und|| aIT-MiCISFcIT-MiCISF ait aJeammet Philippe 0aAdulti senza riservabQuel che aiuta un adolescente a1a ed. a MilanobRaffaello Cortinac2009 [Edizione originale: 2008] app. XII-207 a / adolescenza, pubertà, formazione-personalità, età-adulta, rapporti-genitori-figli, rapporti-disfunzionali, terapia, case-studies, tecniche-terapeutiche, psichiatria / Insuccessi scolastici, droghe, conflitti: è sempre più difficile essere padre o madre di un adolescente? Davvero gli adulti trasmettono agli adolescenti la propria fragilità? Per vivere, gli adolescenti hanno bisogno che gli adulti facciano gli adulti e sappiano dare sostegno ma anche imporsi con autorevolezza, non rinunciare al proprio ruolo educativo e indicare un percorso di crescita. Soprattutto, hanno bisogno che, con la loro stessa esistenza, gli adulti diano prova dell'interesse che la vita ha in se stessa, nonostante le sconfitte e i dolori inevitabili. L'A., uno dei più grandi specialisti dell'adolescenza, con questo volume si rivolge espressamente ai genitori disorientati, che vogliono aiutare i propri figli a superare quel passaggio fondamentale e difficile che è l'adolescenza. a Adolescenti e giovani / età-evolutivae009